Analysis of linear systems (Record no. 4150)

000 -LEADER
fixed length control field 00506nam a22001931 4500
001 - CONTROL NUMBER
control field 4150
003 - CONTROL NUMBER IDENTIFIER
control field BD-DhUET
008 - FIXED-LENGTH DATA ELEMENTS--GENERAL INFORMATION
fixed length control field 790416s1959 maua 000 0 eng
040 ## - CATALOGING SOURCE
Original cataloging agency DLC
Transcribing agency DLC
Modifying agency BD-DhUET
082 ## - DEWEY DECIMAL CLASSIFICATION NUMBER
Classification number 629.83
Item number CHE/1959
100 1# - MAIN ENTRY--PERSONAL NAME
Personal name Cheng, David K.
245 00 - TITLE STATEMENT
Title Analysis of linear systems
250 ## - EDITION STATEMENT
Edition statement 1st ed.
260 ## - PUBLICATION, DISTRIBUTION, ETC. (IMPRINT)
Place of publication, distribution, etc. London
Name of publisher, distributor, etc. Addison-Wesley Publishing
Date of publication, distribution, etc. 1959
300 ## - PHYSICAL DESCRIPTION
Extent 431 p.
490 0# - SERIES STATEMENT
Series statement Addison-Wesley series in electrical engineering
650 #0 - SUBJECT ADDED ENTRY--TOPICAL TERM
Topical term or geographic name as entry element Linear Systems
942 ## - ADDED ENTRY ELEMENTS (KOHA)
Koha item type General Book
Holdings
Koha normalized classification for sorting Location (home branch) Sublocation or collection (holding branch) Koha full call number Piece designation (barcode) Shelving location Not for loan Damaged status Koha item type Lost status Koha date last seen Source of classification or shelving scheme Price effective from Withdrawn status Date acquired Copy number
629_000000000000000_83CHE1959Central Library, BUETCentral Library, BUET629.83/CHE/195978368Circulation section  General Book 2014-11-13 2014-11-13 2014-11-131
629_000000000000000_83CHE1959Central Library, BUETCentral Library, BUET629.83/CHE/195978370Circulation section  General Book 2014-11-13 2014-11-13 2014-11-132
629_000000000000000_83CHE1959Central Library, BUETCentral Library, BUET629.83/CHE/195978369Circulation section  General Book 2014-11-13 2014-11-13 2014-11-133
629_000000000000000_83CHE1959Central Library, BUETCentral Library, BUET629.83/CHE/19598330Circulation section  General Book 2014-11-17 2014-11-17 2014-11-174
629_000000000000000_83CHE1959Central Library, BUETCentral Library, BUET629.83/CHE/195924901Circulation section  General Book 2014-11-17 2014-11-17 2014-11-175
629_000000000000000_83CHE1959Central Library, BUETCentral Library, BUET629.83/CHE/195912682Circulation section  General Book 2017-08-28 2014-11-18 2014-11-186
629_830000000000000_CHE_1959Central Library, BUETCentral Library, BUET629.83/CHE/195924899Reading section  Reading Item 2015-06-20 2015-06-20 2015-06-207
629_830000000000000_CHE_1959Central Library, BUETCentral Library, BUET629.83/CHE/195912690Reading section  Reading Item 2019-09-07 2015-06-30 2015-06-308
629_830000000000000_CHE_1959Central Library, BUETCentral Library, BUET629.83/CHE/19598327Reading section  Reading Item 2015-06-30 2015-06-30 2015-06-309
629_830000000000000_CHE_1959Central Library, BUETCentral Library, BUET629.83/CHE/19598331Reading section  Reading Item 2015-06-30 2015-06-30 2015-06-3010
629_830000000000000_CHE_1959Central Library, BUETCentral Library, BUET629.83/CHE/19598328Reading section  Reading Item 2015-07-04 2015-07-04 2015-07-0411
629_830000000000000_CHE_1959Central Library, BUETCentral Library, BUET629.83/CHE/195932058Circulation section  General Book 2018-05-12 2018-05-12 1973-10-0412